INNOVATIONS UPPER INTERMEDIATE (Record no. 10717)

MARC details
000 -LEADER
fixed length control field 00378nam a2200157Ia 4500
008 - FIXED-LENGTH DATA ELEMENTS--GENERAL INFORMATION
fixed length control field 240624s9999 xx 000 0 und d
041 ## - LANGUAGE CODE
Language code of text/sound track or separate title eng
082 ## - DEWEY DECIMAL CLASSIFICATION NUMBER
Classification number 420 DEL
100 ## - MAIN ENTRY--PERSONAL NAME
Personal name DELLAR HUGH
245 ## - TITLE STATEMENT
Title INNOVATIONS UPPER INTERMEDIATE
250 ## - EDITION STATEMENT
Edition statement (2nd ed.)
260 ## - PUBLICATION, DISTRIBUTION, ETC.
Date of publication, distribution, etc. 2004
Place of publication, distribution, etc. Australia
Name of publisher, distributor, etc. Thomson/Heinle
300 ## - PHYSICAL DESCRIPTION
Extent 176 : p. : cm. ; 28
365 ## - TRADE PRICE
Currency code RS
Price amount 10
440 ## - SERIES STATEMENT/ADDED ENTRY--TITLE
Volume/sequential designation 2
Holdings
Withdrawn status Lost status Damaged status Not for loan Home library Current library Shelving location Date acquired Source of acquisition Cost, normal purchase price Full call number Barcode Date last seen Copy number Price effective from Koha item type
        IMTN IMTN Rack 15-B 10/01/2008 PSBE 1850.00 420 DEL 10717 06/24/2024 1 06/24/2024 Books
Designed & Maintained by: LRC IMT Nagpur Contact: lrc@imtnag.ac.in© 2024. All Rights Reserved.